The birth of critical thinking in republican Rome

Saved in:
Bibliografiske detaljer
Hovedforfatter: Moatti, Claudia (autora)
Format: Bog
Sprog:engelsk
Udgivet: Cambridge Cambridge University Press 2015
Udgivelse:1a. ed
Fag:
Tags: Tilføj Tag
Ingen Tags, Vær først til at tagge denne postø!

MARC

LEADER 00000cam a2200000 a 4500
001 UCC5175
003 CL-VaPUC
008 180927e20150000uk |||||||||||||||||eng|d
020 |a 9780521895781 
082 0 4 |a 937.63  |b MOA  |2 21 
100 |a Moatti, Claudia  |e autora  |9 599451 
245 1 4 |a The birth of critical thinking in republican Rome 
250 |a 1a. ed 
300 |a 386 p 
942 |c BK 
945 |d 20180927 22:58:00  |a dcastane 
260 |a Cambridge  |b Cambridge University Press  |c 2015 
650 0 |a Historia de Roma   |9 315349 
650 0 |a Vida intelectual  |9 265379 
650 0 |a República romana  |9 433651 
583 |a last modification  |c 20180927 22:58:00  |k Rodrigo Vera 
999 |c 372448  |d 372446 
952 |0 0  |1 0  |3 erd  |4 0  |6 937_630000000000000_MOA_2015  |7 0  |8 DER_ROM  |9 490112  |a BIBDER  |b BIBDER  |i 5503299  |o 937.63 MOA 2015  |p 5503299  |r 2019-11-24  |w 2019-11-24  |x Ubicación 4to piso  |y BK  |z Este recurso debe solicitarse con anticipación  |k DER